00695nam a2200169 a 4500001001500000005001700015008004100032020002700073020003000100100003200130245009300162260004100255300001100296520011500307700002100422856008200443ASIN969878411X20140917163125.0140916s2004 xxu eng d a969878411X (hardcover) a9789698784119 (hardcover)1 aJamasji-Hirjikaka, Daleara.14aThe merchant knight :badamjee haji dawood /cDaleara Jamasji-Hirjikaka, Yasmin Qureshi. a[S.l.] :bAdamjee Foundation,c2004. a170 p. aBiography of Sir Adam Haji Dawood, Indian industrialist. He was instrumental in the establishment of Pakistan.1 aQureshi, Yasmin.403Amazon.comuhttp://www.amazon.com/exec/obidos/ASIN/969878411X/chopaconline-20